Statistics for Dallas Mavericks Quiz

Click here to take the quiz!

General Stats

  • This quiz has been taken 42 times
  • The average score is 15 of 23

Answer Stats

Answer% Correct
Ocean Boat Blue
100%
1
97%
2
97%
Western
97%
3
97%
Dallas, Texas
94%
White
94%
Black
86%
Mark Cuban
78%
1980
75%
Rick Carlisle
75%
Southwest
72%
American Airlines Center
67%
12
64%
15
58%
22
56%
Rolando Blackman
47%
Derek Harper
44%
American Silver
39%
Texas Legends
28%
Brad Davis
25%
Donnie Nelson
25%
5Miles
14%

Score Distribution

Percentile by Number Answered

Percent of People with Each Score

Your Score History

You have not taken this quiz